Cities With the Most Metro Stations - Statistics

General Stats
  • This quiz has been taken 57 times
  • The average score is 20 of 29
Answer Stats
Number of Stations City % Correct
270 London
100%
472 New York City
100%
285 Tokyo
98%
302 Paris
96%
334 Beijing
94%
364 Shanghai
91%
173 Berlin
87%
206 Moscow
87%
145 Chicago
83%
301 Madrid
83%
123 Osaka
83%
256 Seoul
83%
184 Guangzhou
79%
195 Mexico City
77%
113 Milan
74%
180 Barcelona
70%
160 Delhi
66%
121 Singapore
62%
117 Taipei
58%
104 Vienna
53%
100 Stockholm
47%
130 Wuhan
43%
104 Tianjin
42%
143 Busan
40%
101 Oslo
36%
199 Shenzhen
36%
126 Chongqing
34%
139 Nanjing
28%
108 Santiago
26%
No matching quizzes found
Score Distribution
Percent of People with Each Score
Percentile by Number Answered
Your Score History
You have not taken this quiz